000 01206nam a22002777a 4500
005 20080929101452.0
008 080929t xxu||||| |||| 00| 0chin d
010 _aHIN-92080
020 _a9788188441327
_c300.00
035 _aHN-64426
037 _bDBAD / PUB
040 _aDPL
_bHN
082 _a363.7
100 _926640
_aगर्ग, सी.एल
245 _aस्वच्छ पर्यावरण स्वस्थ जीवन /
_cसी.एल. गर्ग
246 _aSwachha Parayavaran : Swasthya Jeevan
_bby C.L. Garg
260 _aदिल्ली
_bप्रथम प्रकाशन गृह
_c2009
270 _a1/10038 -ई, गली न. 3, पश्चिमी गोरख पार्क शाहदरा
_bदिल्ली
_e110032
_k011-229699652, 09868990519
300 _a190पृ.
_c22सेमी (सजिल्द)
650 _9697
650 _9698
700 _926643
710 _926662
942 _2ddc
_cHN
_h363.7
_mगर्गसी
999 _c51145
_d51145